Synthesis and Characterization of MgO Nanoparticles by Modified Sonochmeical Methods and their Catalytic Studies against Organphosphates and Peaticides (Record no. 534205)

000 -LEADER
fixed length control field 00591nam a22001577a 4500
020 ## - INTERNATIONAL STANDARD BOOK NUMBER
Qualifying information Hard Cover.
082 ## - DEWEY DECIMAL CLASSIFICATION NUMBER
Classification number 620.11
100 ## - MAIN ENTRY--PERSONAL NAME
Personal name Ullah, Sharif
245 ## - TITLE STATEMENT
Title Synthesis and Characterization of MgO Nanoparticles by Modified Sonochmeical Methods and their Catalytic Studies against Organphosphates and Peaticides
Statement of responsibility, etc. Sharif Ullah.
260 ## - PUBLICATION, DISTRIBUTION, ETC.
Place of publication, distribution, etc. Islamabad :
Name of publisher, distributor, etc. SCME - NUST,
Date of publication, distribution, etc. 2013.
300 ## - PHYSICAL DESCRIPTION
Dimensions 30cm.
942 ## - ADDED ENTRY ELEMENTS (KOHA)
Source of classification or shelving scheme
Koha item type Thesis
650 ## - SUBJECT ADDED ENTRY--TOPICAL TERM
Topical term or geographic name entry element Engergetic Material Engineering. MS-Thesis.
700 ## - ADDED ENTRY--PERSONAL NAME
Personal name Prof. Dr. Habib Nasir.
650 ## - SUBJECT ADDED ENTRY--TOPICAL TERM
-- 28353
700 ## - ADDED ENTRY--PERSONAL NAME
-- 17012
Holdings
Withdrawn status Lost status Source of classification or shelving scheme Damaged status Not for loan Permanent Location Current Location Shelving location Date acquired Total Checkouts Full call number Barcode Date last seen Price effective from Koha item type
          Central Library (CL) Central Library (CL) Thesis 02/10/2020   620.11 CL-T-4997 02/10/2020 02/10/2020 Thesis
© 2023 Central Library, National University of Sciences and Technology. All Rights Reserved.